000 00878nam a2200241 i 4500
001 125497
003 ES-MaACL
005 20231026145845.0
007 t|
008 070614s1963 sp ||||1| spa d
080 _a223.2
130 0 _aBiblia.
_pA.T.
_pSalmos.
_9119275
245 1 0 _aLibro de los Salmos
_b: edición bilingüe con el texto castellano de la Nácar-Colunga, exposición exegético-doctrinal /
_cpor Maximiliano García Cordero.
250 _a1ª ed.
260 _aMadrid :
_bBiblioteca de Autores Cristianos,
_c1963.
300 _a513 p. ;
_c15 cm.
700 1 _aGarcía Cordero, Maximiliano.
_954383
852 _aES-MaACL
_jE-11689
_9R.139660
_cDEPO2
_xLegado: Jacinto Martínez Lacalle
903 _9139376
_aMartínez Lacalle, Jacinto
_ednr
_q1
942 _2udc
_cMONOGRAFIA
999 _c125497
_d125497